MARC

LEADER 00000nab a2200000 a 4500
001 vtls010440716
003 SK-MaSNL
005 20260303093231.0
008 171110c2012 xo wr 0 0slo
038 |a SLLK 
040 |a SLLK  |b slo  |c sllk  |e AACR2 
041 |a slo 
044 |a xo  |c SK 
080 |a 796.5  |2 2001 
245 0 0 |a Prechod Kurčínskou Magurou  |c Zdroj: www.kstls.sk 
300 |b Fotogr. 
610 2 7 |a Klub slovenských turistov Stará Ľubovňa  |2 sllk  |9 205442 
611 2 7 |a Prechod Kurčínskou Magurou  |n (10. :  |d 2012 :  |c Kurčínska Magura, Slvoensko)  |2 sllk  |9 1104127 
648 7 |a 2012  |2 snkbucl  |9 326619 
650 0 7 |a šport  |2 snkbucl  |9 1042 
650 0 7 |a turistika  |2 sllk  |9 683 
651 7 |a Legnava (Slovensko)  |2 sllk  |9 59207 
651 7 |a Stará Ľubovňa (Slovensko)  |2 sllk  |9 19193 
651 7 |a Kurčínska Magura (Ľubovnianska vrchovina, Slovensko : vrch)  |2 sllk  |9 59536 
773 0 |t Ľubovnianske noviny  |g Roč. XXXVII, č. 22 (2012), s. 8  |x 1338-0346 
999 |c 1814721  |d 1816651